[Event "7th Parsvnath International Open Chess T"]
[Site "Modern School, Barakhamba Road"]
[Date "2009.01.16"]
[Round "7.27"]
[White "Saurabh, Kherdekar"]
[Black "Prathamesh, Sunil Mokal"]
[Result "0-1"]
[WhiteElo "2238"]
[BlackElo "2389"]
[PlyCount "102"]
[EventDate "2009.01.11"]

1. d4 Nf6 2. Bg5 e6 3. e3 c5 4. c3 b6 5. Nd2 Bb7 6. Ngf3 Be7 7. Bxf6 Bxf6 8.
Bd3 d6 9. Qe2 Nd7 10. h4 h6 11. O-O-O Qc7 12. Kb1 O-O-O 13. Ba6 Bxa6 14. Qxa6+
Qb7 15. Qxb7+ Kxb7 16. Nc4 Be7 17. e4 b5 18. Ne3 Nf6 19. Nd2 d5 20. exd5 Nxd5
21. Nf3 cxd4 22. Nxd5 Rxd5 23. Rxd4 Rhd8 24. Kc2 Bc5 25. Rxd5 Rxd5 26. Rf1 Kc6
27. Nd2 f5 28. f3 Be3 29. Rd1 h5 30. b3 e5 31. c4 bxc4 32. Nxc4 Bf2 33. Rf1 Bg3
34. Ne3 Rc5+ 35. Kd3 g6 36. b4 Rb5 37. Rc1+ Kd7 38. Kc4 Rb6 39. Rd1+ Rd6 40.
Nd5 Bxh4 41. b5 Bd8 42. a4 Ke6 43. a5 Bxa5 44. Ra1 Bb6 45. Nb4 e4 46. fxe4 fxe4
47. Re1 Ke5 48. Nc6+ Kf4 49. Rf1+ Kg3 50. Rf7 Re6 51. Kd5 e3 0-1

[Event "7th Parsvnath International Open Chess T"]
[Site "Modern School, Barakhamba Road"]
[Date "2009.01.16"]
[Round "7.28"]
[White "Singh, Y  Dhanabir"]
[Black "Suvrajit Saha"]
[Result "0-1"]
[WhiteElo "2099"]
[BlackElo "2368"]
[PlyCount "65"]
[EventDate "2009.01.11"]

1. e4 c5 2. Nf3 d6 3. d4 cxd4 4. Nxd4 Nf6 5. Nc3 a6 6. Bg5 e6 7. f4 Be7 8. Qf3
Qc7 9. O-O-O Nbd7 10. g4 b5 11. Bxf6 Nxf6 12. g5 Nd7 13. f5 Bxg5+ 14. Kb1 Ne5
15. Qh5 Qd8 16. Rg1 Bf6 17. fxe6 g6 18. exf7+ Kxf7 19. Qe2 Rf8 20. h4 Bxh4 21.
Qh2 Kg8 22. Rh1 g5 23. Bh3 Rf2 24. Qg1 g4 25. Nf5 Bxf5 26. exf5 h5 27. Bg2 Rc8
28. Ne4 Rfxc2 29. Nxd6 Qf6 30. Bd5+ Nf7 31. Bxf7+ Kf8 32. Nc4 R8xc4 33. Rd8+
0-1

[Event "7th Parsvnath International Open Chess T"]
[Site "Modern School, Barakhamba Road"]
[Date "2009.01.16"]
[Round "7.29"]
[White "Sidhant Mohapatra"]
[Black "Gleizerov, Evgeny"]
[Result "0-1"]
[WhiteElo "1956"]
[BlackElo "2544"]
[PlyCount "56"]
[EventDate "2009.01.11"]

1. e4 e6 2. d4 d5 3. exd5 exd5 4. Nf3 Bd6 5. c4 Nf6 6. Bd3 O-O 7. O-O dxc4 8.
Bxc4 Nc6 9. h3 h6 10. Nc3 Bf5 11. Be3 a6 12. a3 Re8 13. Re1 Qd7 14. Bf1 Ne4 15.
Nxe4 Bxe4 16. Bd3 Bxd3 17. Qxd3 Ne7 18. Rad1 c6 19. Nd2 Nd5 20. Ne4 Rad8 21.
Nc3 Bc7 22. Nxd5 Qxd5 23. Qc3 Bb6 24. Rd2 Re6 25. Qc2 Rg6 26. f3 Re6 27. Ree2
Rde8 28. Bf2 Bxd4 0-1

[Event "7th Parsvnath International Open Chess T"]
[Site "Modern School, Barakhamba Road"]
[Date "2009.01.16"]
[Round "7.30"]
[White "Fenil, Shah"]
[Black "Vidit, Santosh Gujrathi"]
[Result "0-1"]
[WhiteElo "2213"]
[BlackElo "2447"]
[PlyCount "100"]
[EventDate "2009.01.11"]

1. e4 c5 2. Nf3 d6 3. c3 Nf6 4. Bd3 g6 5. Bc2 Bg7 6. d4 Qc7 7. O-O O-O 8. dxc5
dxc5 9. Qe2 Nc6 10. Nbd2 b6 11. Re1 Rd8 12. h3 Nh5 13. e5 Nf4 14. Qe3 Ne6 15.
Nf1 Ba6 16. N1h2 Rd5 17. Ng4 Rad8 18. Qe4 Bb7 (18... Bb7) 19. Bb3 Nxe5 20. Bxd5
Bxd5 21. Qe3 Nxf3+ 22. gxf3 Qb7 23. Kg2 h5 24. Nh2 Bf6 25. Qe2 Ng7 26. Bf4 Nf5
27. Rad1 Rc8 28. Be5 Bg5 29. Bg3 e6 30. Nf1 Qe7 31. Qc2 Bc6 32. Ne3 Bxe3 33.
Rxe3 Nxe3+ 34. fxe3 h4 35. Bf4 Qf6 36. Qf2 e5 37. Bh2 Qg5+ 38. Kh1 Qh5 39. Rf1
Bd7 40. Qg2 Be6 41. e4 Rd8 42. Qe2 Bxh3 43. Rd1 Rxd1+ 44. Qxd1 Qg5 45. Qg1 Qf6
46. Qf2 g5 47. Qe3 g4 48. f4 g3 49. Bxg3 Qg6 50. Kh2 Qxg3+ 0-1

[Event "7th Parsvnath International Open Chess T"]
[Site "Modern School, Barakhamba Road"]
[Date "2009.01.16"]
[Round "7.31"]
[White "Murali Krishnan, B T."]
[Black "Deshpande, Aniruddha"]
[Result "1/2-1/2"]
[WhiteElo "2444"]
[BlackElo "2226"]
[PlyCount "67"]
[EventDate "2009.01.11"]

1. d4 d5 2. c4 c6 3. cxd5 cxd5 4. Nc3 Nf6 5. Bf4 Bf5 6. Qb3 Qb6 7. Qxb6 axb6 8.
Nf3 e6 9. e3 Bb4 10. Bb5+ Ke7 11. Ke2 Bxc3 12. bxc3 Ne4 13. Rhc1 Ra3 14. c4 f6
15. Nh4 Bg6 16. Nxg6+ hxg6 17. f3 Nc3+ 18. Kd2 Nxb5 19. cxb5 Nd7 20. Rc3 Raa8
21. Ra3 Rxa3 22. Bg3 e5 23. Be1 exd4 24. exd4 Nf8 25. Kc2 Ra4 26. Bc3 Ne6 27.
Kb3 Rc4 28. Rd1 Kd7 29. h4 Nc7 30. a4 Ne6 31. Rd2 Ke7 32. g3 Kd7 33. Bb2 Kd6
34. Bc3 1/2-1/2

[Event "7th Parsvnath International Open Chess T"]
[Site "Modern School, Barakhamba Road"]
[Date "2009.01.16"]
[Round "7.32"]
[White "Murshed, Niaz"]
[Black "Sahoo, Utkal Ranjan"]
[Result "1-0"]
[WhiteElo "2429"]
[BlackElo "2222"]
[PlyCount "127"]
[EventDate "2009.01.11"]

1. Nf3 Nf6 2. d4 d5 3. c4 c6 4. Nc3 a6 5. a4 e6 6. e3 a5 7. Bd3 Na6 8. e4 Nb4
9. O-O Nxd3 10. Qxd3 dxe4 11. Nxe4 Nxe4 12. Qxe4 Be7 13. Bf4 O-O 14. Rfd1 Bd7
15. Ne5 Be8 16. c5 Qd5 17. Qe2 f6 18. Nc4 Bh5 19. f3 Rae8 20. Nb6 Qf5 21. Be3
Bf7 22. Nd7 Qd5 23. Nxf8 Bxf8 24. Bf2 Qd8 25. Qd2 Qc7 26. b4 axb4 27. Qxb4 Rd8
28. Qb6 Qxb6 29. cxb6 Ra8 30. a5 Ra6 31. Bg3 Be8 32. Rdb1 Kf7 33. Be1 Bd6 34.
Bb4 Ke7 35. Kf2 Bg6 36. Bxd6+ Kxd6 37. Rb3 Bc2 38. Rc3 Bg6 39. Ke3 Be8 40. f4
Bd7 41. Rc5 g6 42. g4 Ra8 43. Rg1 Re8 44. Kd3 Rf8 45. Re1 Ra8 46. Kc3 Rb8 47.
Kb4 Ra8 48. h4 Rg8 49. Rg1 Re8 50. Rgc1 Ra8 51. h5 Rg8 52. a6 bxa6 53. hxg6
Rxg6 54. g5 fxg5 55. fxg5 h6 56. Ka5 hxg5 57. Kxa6 Rg8 58. Ka7 g4 59. b7 Kc7
60. Rg5 Rb8 61. Rb1 e5 62. dxe5 c5 63. Rg7 Re8 64. e6 1-0

[Event "7th Parsvnath International Open Chess T"]
[Site "Modern School, Barakhamba Road"]
[Date "2009.01.16"]
[Round "7.33"]
[White "Amanov, Zhanibek"]
[Black "Apollosana Mangang, Rajkumar"]
[Result "1/2-1/2"]
[WhiteElo "2413"]
[BlackElo "2195"]
[PlyCount "109"]
[EventDate "2009.01.11"]

1. e4 e5 2. Nf3 Nc6 3. Bb5 a6 4. Ba4 Nf6 5. O-O Be7 6. Re1 b5 7. Bb3 O-O 8. c3
d5 9. exd5 Nxd5 10. Nxe5 Nxe5 11. Rxe5 c6 12. d3 Bd6 13. Re1 Qh4 14. g3 Qh3 15.
Re4 Nf6 16. Rh4 Qf5 17. Nd2 Be7 18. Qe2 Ra7 19. Rf4 Qg6 20. Nf3 Nd5 21. Re4 Qd6
22. c4 Nf6 23. Bf4 Qd8 24. Rd4 Qb6 25. Be3 c5 26. Rf4 Bd6 27. Rh4 Re7 28. Ng5
Bf5 29. Ne4 Nxe4 30. dxe4 Rxe4 31. Rxe4 Bxe4 32. cxb5 axb5 33. Bxc5 Bxc5 34.
Qxe4 Bxf2+ 35. Kg2 Bd4 36. Rf1 Bf6 37. Rf2 g6 38. h4 Kg7 39. Qd5 h5 40. a3 Qd4
41. Qxb5 Qe4+ 42. Kh2 Bd4 43. Qc4 Qe3 44. Rg2 f5 45. Qe6 f4 46. Qxe3 fxe3 47.
Bc4 Kf6 48. Bd3 g5 49. hxg5+ Kxg5 50. Kh3 Rc8 51. Re2 Rc1 52. Kg2 Ra1 53. Kf3
Ra2 54. Ke4 Bf6 55. Rxe3 1/2-1/2

[Event "7th Parsvnath International Open Chess T"]
[Site "Modern School, Barakhamba Road"]
[Date "2009.01.16"]
[Round "7.34"]
[White "Ibrayev, Nurlan"]
[Black "Vaibhav, Suri"]
[Result "1-0"]
[WhiteElo "2407"]
[BlackElo "2193"]
[PlyCount "123"]
[EventDate "2009.01.11"]

1. d4 Nf6 2. Nf3 e6 3. g3 d5 4. Bg2 Be7 5. O-O O-O 6. c4 dxc4 7. Qc2 a6 8. Qxc4
b5 9. Qc2 Bb7 10. Bd2 Bd6 11. Rc1 Nbd7 12. Ba5 Qe7 13. a4 c5 14. axb5 axb5 15.
Nc3 Bc6 16. e4 b4 17. e5 bxc3 18. exd6 Qxd6 19. dxc5 Nxc5 20. Qxc3 Nfe4 21. Qe3
Bd5 22. Nd4 f5 23. b4 Nb7 24. Nb5 Qd7 25. Nc7 Rac8 26. Nxd5 Qxd5 27. Rd1 Qc6
28. Rac1 Qa4 29. Bxe4 Rxc1 30. Rxc1 fxe4 31. Qxe4 Nxa5 32. Qxe6+ Kh8 33. bxa5
Qxa5 34. Rc8 Qb4 35. Qf5 Rg8 36. Rxg8+ Kxg8 37. Qd5+ Kf8 38. h4 Qb6 39. Kg2 Qc7
40. Kf3 Qb6 41. Qe4 g6 42. h5 gxh5 43. Qxh7 Qf6+ 44. Kg2 Qc6+ 45. f3 Qb5 46.
Qe4 Qg5 47. Kh3 Kg7 48. Qe6 Kh7 49. f4 Qg7 50. Kh4 Qb7 51. Qf5+ Kg7 52. Qg5+
Kf8 53. Kxh5 Qf7+ 54. Kh4 Qh7+ 55. Kg4 Qh1 56. Qd8+ Kf7 57. Qd7+ Kf6 58. Qd6+
Kf7 59. Kg5 Qh3 60. f5 Kg8 61. Qg6+ Kf8 62. Qh6+ 1-0

[Event "7th Parsvnath International Open Chess T"]
[Site "Modern School, Barakhamba Road"]
[Date "2009.01.16"]
[Round "7.35"]
[White "Das, Arghyadip"]
[Black "Shantharam, K V."]
[Result "1/2-1/2"]
[WhiteElo "2404"]
[BlackElo "2191"]
[PlyCount "61"]
[EventDate "2009.01.11"]

1. e4 e6 2. Qe2 c5 3. f4 Nc6 4. Nf3 d5 5. d3 Nf6 6. c3 c4 7. e5 cxd3 8. Qxd3
Ne4 9. Be3 Bc5 10. b4 Bxe3 11. Qxe3 f5 12. Be2 Bd7 13. O-O Qb6 14. Qxb6 axb6
15. Rc1 Ke7 16. a3 h6 17. Nbd2 g5 18. b5 Na5 19. Ra2 Rhc8 20. Rac2 Rc5 21. Nd4
Nxd2 22. Rxd2 Nc4 23. Bxc4 Rxc4 24. Ra2 Rca4 25. Kf2 Rxa3 26. Rxa3 Rxa3 27. g3
Ra2+ 28. Rc2 Rxc2+ 29. Nxc2 Bxb5 30. Nb4 Be8 31. Ke3 1/2-1/2

[Event "7th Parsvnath International Open Chess T"]
[Site "Modern School, Barakhamba Road"]
[Date "2009.01.16"]
[Round "7.36"]
[White "Shiven, Khosla"]
[Black "Girinath, P D S."]
[Result "1/2-1/2"]
[WhiteElo "2168"]
[BlackElo "2404"]
[PlyCount "145"]
[EventDate "2009.01.11"]

1. e4 e6 2. d4 d5 3. Nd2 c5 4. exd5 Qxd5 5. Ngf3 cxd4 6. Bc4 Qd6 7. O-O Nf6 8.
Nb3 Nc6 9. Nbxd4 Nxd4 10. Nxd4 a6 11. Bb3 Qc7 12. Re1 Bd6 13. h3 Bd7 14. Qf3
O-O-O 15. Bg5 Qc5 16. Bxf6 gxf6 17. Qxf6 Rhg8 18. Re3 Rg6 19. Qxg6 hxg6 20. Rc3
Qxc3 21. bxc3 Rh8 22. Re1 Kd8 23. Nf3 Rh5 24. Nd2 Ke7 25. Nc4 Bc7 26. Ne3 Bc6
27. f3 Re5 28. Kf1 Ba5 29. Nc4 Rxe1+ 30. Kxe1 Bxc3+ 31. Ke2 b5 32. Ne3 a5 33.
Nd1 Be5 34. c3 a4 35. Bc2 Bd5 36. Bb1 Bc4+ 37. Kd2 a3 38. Ke3 g5 39. Kf2 Kd6
40. g3 f5 41. h4 gxh4 42. gxh4 f4 43. Ke1 Kc5 44. Kd2 Bd5 45. Ke2 Kc4 46. h5
Bg7 47. Be4 Bxe4 48. fxe4 f3+ 49. Kd2 Bh6+ 50. Kc2 Bf4 51. Nf2 Be5 52. Nd1 Bf4
53. Nf2 Be5 54. Nd3 f2 55. Nxf2 Bxc3 56. Nd3 Bg7 57. Nf4 e5 58. Ne6 Bh6 59. Nd8
Kd4 60. Nf7 Bf8 61. h6 Kxe4 62. h7 Bg7 63. h8=Q Bxh8 64. Nxh8 Kd4 65. Nf7 e4
66. Nd6 b4 67. Nf5+ Kc4 68. Ne3+ Kd4 69. Nf5+ Kc4 70. Ne3+ Kd4 71. Nf5+ Kd5 72.
Ng3 b3+ 73. Kxb3 1/2-1/2

[Event "7th Parsvnath International Open Chess T"]
[Site "Modern School, Barakhamba Road"]
[Date "2009.01.16"]
[Round "7.37"]
[White "Hemant, Sharma (del)"]
[Black "Narayanan, Srinath"]
[Result "0-1"]
[WhiteElo "2131"]
[BlackElo "2397"]
[PlyCount "112"]
[EventDate "2009.01.11"]

1. e4 e5 2. Nf3 Nc6 3. Bb5 a6 4. Bxc6 dxc6 5. d4 exd4 6. Qxd4 Qxd4 7. Nxd4 Bd7
8. Be3 c5 9. Ne2 O-O-O 10. Nbc3 Re8 11. O-O-O Bc6 12. f3 Nf6 13. Rhe1 Nd7 14.
Nd5 Bd6 15. Bf4 Be5 16. Bxe5 Nxe5 17. Ne3 h5 18. Nf4 h4 19. Nd3 Nd7 20. b3 h3
21. g3 b6 22. Rd2 g6 23. Rde2 Bb5 24. c4 Bc6 25. Nc2 Re7 26. Re3 Kb7 27. R1e2
Nf6 28. Nf2 Ne8 29. Nd3 Nf6 30. Nf2 Ne8 31. Nd3 a5 32. f4 Nd6 33. Nf2 Rhe8 34.
e5 Nf5 35. Rd3 Bg2 36. Re1 g5 37. g4 Nh4 38. Nxh3 Bxh3 39. Rxh3 Ng2 40. Rf1
Nxf4 41. Rh7 Rxe5 42. Rxf7 Re2 43. Rd1 Rh8 44. Rd2 Rhxh2 45. Rxe2 Nxe2+ 46. Kd1
Nc3+ 47. Kc1 Nxa2+ 48. Kb1 Nc3+ 49. Kb2 Ne2 50. Ne3 Nd4+ 51. Ka3 Kc6 52. Nd5 b5
53. Rf6+ Kb7 54. cxb5 Nc2+ 55. Ka4 Nb4 56. Nc3 Nd5 0-1

[Event "7th Parsvnath International Open Chess T"]
[Site "Modern School, Barakhamba Road"]
[Date "2009.01.16"]
[Round "7.38"]
[White "Sharma, Dinesh K"]
[Black "Mohamma, Javed"]
[Result "1-0"]
[WhiteElo "2394"]
[BlackElo "2188"]
[PlyCount "79"]
[EventDate "2009.01.11"]

1. e4 c5 2. Nf3 d6 3. d4 cxd4 4. Nxd4 Nf6 5. Nc3 a6 6. Be2 e5 7. Nb3 Be7 8. Be3
Be6 9. Nd5 Nbd7 10. Qd3 Bxd5 11. exd5 O-O 12. c4 b6 13. O-O Qc7 14. Rac1 Ne8
15. Nd2 f5 16. f3 Nc5 17. Qc2 g6 18. b4 Nd7 19. Qb3 Kh8 20. Kh1 Ng7 21. Rfd1
Rfc8 22. Nb1 Qd8 23. Bf2 f4 24. Nc3 Nf5 25. Ne4 Nf6 26. c5 bxc5 27. bxc5 Nxe4
28. fxe4 Bh4 29. Bxh4 Nxh4 30. c6 g5 31. Bg4 Rc7 32. Rb1 Qf6 33. Rdc1 Rf8 34.
Bd7 Qg6 35. Qd3 f3 36. g3 Ng2 37. Rb7 Rxb7 38. cxb7 Qf7 39. Bc8 f2 40. Kxg2 1-0

[Event "7th Parsvnath International Open Chess T"]
[Site "Modern School, Barakhamba Road"]
[Date "2009.01.16"]
[Round "7.39"]
[White "Katalymov, Boris N"]
[Black "Kiran, Manisha Mohanty"]
[Result "1-0"]
[WhiteElo "2367"]
[BlackElo "2184"]
[PlyCount "103"]
[EventDate "2009.01.11"]

1. e4 c5 2. Nf3 Nc6 3. d4 cxd4 4. Nxd4 Nf6 5. Nc3 d6 6. g3 Nxd4 7. Qxd4 g6 8.
Nd5 Bg7 9. Bb5+ Bd7 10. Bxd7+ Qxd7 11. Bg5 e5 12. Qd3 Nxd5 13. Qxd5 Rc8 14.
O-O-O O-O 15. f3 Rc6 16. Rd2 Rfc8 17. Rhd1 b5 18. Kb1 b4 19. Qb5 Qc7 20. Qxb4
h6 21. Be3 Rxc2 22. a3 Bf8 23. Qb3 Rc4 24. Rd5 Rc2 25. Bd2 Qc6 26. Rd3 Rc4 27.
Rc3 Rxc3 28. Bxc3 Qa6 29. Rd2 Qf1+ 30. Qd1 Qxd1+ 31. Rxd1 f5 32. Kc2 Kf7 33.
Rd5 Ke6 34. Ra5 Rc7 35. Kd3 Be7 36. a4 Bd8 37. Ra6 fxe4+ 38. fxe4 Rf7 39. a5
Bg5 40. Ke2 Rc7 41. h4 Bc1 42. Kd3 Rb7 43. b4 Ba3 44. Kc4 Bc1 45. Rc6 Be3 46.
g4 h5 47. gxh5 gxh5 48. Rc8 Bd4 49. Bd2 Kd7 50. Rh8 Rc7+ 51. Kd5 Rc2 52. Bg5
1-0

[Event "7th Parsvnath International Open Chess T"]
[Site "Modern School, Barakhamba Road"]
[Date "2009.01.16"]
[Round "7.40"]
[White "Debashis, Das"]
[Black "Amrutha, Mokal"]
[Result "1/2-1/2"]
[WhiteElo "2365"]
[BlackElo "2175"]
[PlyCount "65"]
[EventDate "2009.01.11"]

1. d4 Nf6 2. c4 e6 3. Nf3 b6 4. g3 Ba6 5. Nbd2 d5 6. Bg2 Bd6 7. O-O O-O 8. Qc2
c5 9. e4 Be7 10. Rd1 Nc6 11. Qa4 Qc8 12. exd5 exd5 13. dxc5 dxc4 14. cxb6 axb6
15. Nf1 b5 16. Qc2 Nb4 17. Qe2 Bc5 18. Be3 Re8 19. Ne1 Bb7 20. a4 Bxg2 21. Nxg2
Bxe3 22. Ngxe3 Rxa4 23. Rxa4 bxa4 24. Qxc4 Qxc4 25. Nxc4 g6 26. Nfe3 Re6 27.
Rd8+ Kg7 28. Ra8 Na6 29. Ra7 Nc5 30. Rc7 Nfd7 31. Kf1 f5 32. Nd5 Kh6 33. Nde3
1/2-1/2

[Event "7th Parsvnath International Open Chess T"]
[Site "Modern School, Barakhamba Road"]
[Date "2009.01.16"]
[Round "7.41"]
[White "Divyasri, Ch"]
[Black "Swapnil, S  Dhopade"]
[Result "0-1"]
[WhiteElo "2132"]
[BlackElo "2361"]
[PlyCount "62"]
[EventDate "2009.01.11"]

1. e4 c5 2. c3 d6 3. d4 Nf6 4. Bd3 g6 5. e5 Nd5 6. exd6 Qxd6 7. dxc5 Qxc5 8.
Be4 Nf6 9. Bf3 Bg7 10. Be3 Qc7 11. Na3 Bd7 12. Qb3 Nc6 13. Nb5 Qb8 14. Nd4 O-O
15. Nge2 Ne5 16. O-O-O Nxf3 17. Nxf3 Be6 18. Qa3 Bc4 19. Bf4 Qc8 20. Ng3 Nd5
21. Be5 f6 22. Bd4 Rd8 23. Kb1 e5 24. Bc5 b6 25. Be3 Bf8 26. Qa4 b5 27. Qc2
Bxa2+ 28. Kc1 b4 29. Ne4 bxc3 30. Nxc3 Nxc3 31. Qxc3 Qb7 0-1

[Event "7th Parsvnath International Open Chess T"]
[Site "Modern School, Barakhamba Road"]
[Date "2009.01.16"]
[Round "7.42"]
[White "Ramaraju, N."]
[Black "Praveen Kumar, C."]
[Result "0-1"]
[WhiteElo "2131"]
[BlackElo "2360"]
[PlyCount "90"]
[EventDate "2009.01.11"]

1. Nf3 e6 2. c4 Nf6 3. Nc3 c5 4. g3 b6 5. Bg2 Bb7 6. O-O Be7 7. Re1 a6 8. e4 d6
9. d4 cxd4 10. Nxd4 Qc7 11. Be3 Nbd7 12. Rc1 O-O 13. f4 Rfd8 14. g4 Nc5 15. Bf2
d5 16. cxd5 Qxf4 17. b4 exd5 18. exd5 Ne6 19. dxe6 Bxg2 20. exf7+ Kxf7 21. Kxg2
Nxg4 22. Qf3 Qxf3+ 23. Nxf3 Nxf2 24. Kxf2 Bxb4 25. Re4 Ba3 26. Ne5+ Kg8 27. Rd1
Rf8+ 28. Ke2 Rac8 29. Nd5 Rc2+ 30. Rd2 Rf2+ 31. Kxf2 Rxd2+ 32. Re2 Rxd5 33. Kf3
Bd6 34. Nc4 Bc5 35. Ne5 Rd8 36. Ke4 g6 37. Kf3 Re8 38. h3 Bd6 39. Nd7 Rxe2 40.
Kxe2 Bc7 41. Nf6+ Kf7 42. Nd5 Bd8 43. Kd3 Ke6 44. Ke4 Kd6 45. Kd4 b5 0-1

[Event "7th Parsvnath International Open Chess T"]
[Site "Modern School, Barakhamba Road"]
[Date "2009.01.16"]
[Round "7.43"]
[White "Djuraev, Sokhib"]
[Black "Singh, Arvinder Preet"]
[Result "1-0"]
[WhiteElo "2353"]
[BlackElo "2155"]
[PlyCount "127"]
[EventDate "2009.01.11"]

1. e4 c5 2. Nf3 Nc6 3. d4 cxd4 4. Nxd4 Nf6 5. Nc3 e5 6. Ndb5 d6 7. Bg5 a6 8.
Na3 b5 9. Nd5 Be7 10. Bxf6 Bxf6 11. c4 b4 12. Nc2 a5 13. Qf3 Be6 14. Rd1 Bxd5
15. cxd5 Nb8 16. Bb5+ Nd7 17. O-O O-O 18. Bxd7 Qxd7 19. Ne3 Bg5 20. Qf5 Qd8 21.
Rc1 g6 22. Qh3 Rc8 23. Rc6 Rxc6 24. dxc6 Qc8 25. Nc4 Qxc6 26. Qd3 Qc5 27. Rd1
Be7 28. b3 Rc8 29. Qd5 a4 30. Qb7 axb3 31. axb3 Rc7 32. Qa8+ Kg7 33. Rd5 Ra7
34. Rxc5 Rxa8 35. Ra5 Rxa5 36. Nxa5 f5 37. f3 Kf7 38. Nc4 Ke6 39. Ne3 Bg5 40.
Nd5 Bd2 41. Kf1 Bc3 42. Ke2 Bd4 43. Nxb4 Bg1 44. h3 g5 45. Nd5 h5 46. Kd3 g4
47. hxg4 hxg4 48. fxg4 fxg4 49. b4 Ba7 50. Kc4 Kf7 51. Kb5 Kg6 52. Ka6 Bf2 53.
b5 Kh5 54. g3 Bxg3 55. b6 Bf2 56. b7 g3 57. b8=Q g2 58. Nf6+ Kh4 59. Qh8+ Kg3
60. Qg8+ Kh3 61. Qg4+ Kh2 62. Qf3 Bh4 63. Ng4+ Kh1 64. Qh3+ 1-0

[Event "7th Parsvnath International Open Chess T"]
[Site "Modern School, Barakhamba Road"]
[Date "2009.01.16"]
[Round "7.44"]
[White "Arun, Karthik R"]
[Black "Upadhayay, R."]
[Result "0-1"]
[WhiteElo "2348"]
[BlackElo "2132"]
[PlyCount "94"]
[EventDate "2009.01.11"]

1. e4 c5 2. Nf3 Nc6 3. Nc3 e6 4. d4 cxd4 5. Nxd4 Qc7 6. f4 a6 7. Nxc6 Qxc6 8.
Bd3 b5 9. Bd2 b4 10. Ne2 Nf6 11. e5 Nd5 12. Be4 Bb7 13. Ng3 g6 14. Qf3 Be7 15.
h4 h5 16. Rc1 Qc4 17. b3 Qb5 18. Ne2 Rc8 19. g3 Rc7 20. O-O Kf8 21. Kh2 Kg7 22.
a4 Qb6 23. Rg1 f5 24. exf6+ Nxf6 25. Bxb7 Qxb7 26. Qxb7 Rxb7 27. Kg2 Rc8 28.
Kf3 Kf7 29. Rgd1 Nd5 30. Ke4 Bf6 31. Kd3 Bb2 32. Rb1 Bf6 33. Rbc1 Rbc7 34. g4
hxg4 35. Rg1 Bb2 36. Rb1 Rxc2 37. Rxg4 Bf6 38. Rbg1 Rb2 39. Bc1 Rxb3+ 40. Kd2
Rh3 41. Rxg6 Rxh4 42. Kd3 b3 43. R6g3 b2 44. Bxb2 Rh2 45. Rb1 Nb6 46. Nc3 Nc4
47. Ne4 Nxb2+ 0-1

[Event "7th Parsvnath International Open Chess T"]
[Site "Modern School, Barakhamba Road"]
[Date "2009.01.16"]
[Round "7.45"]
[White "Debayan, Majumdar"]
[Black "Shivananda, B S."]
[Result "0-1"]
[WhiteElo "2112"]
[BlackElo "2347"]
[PlyCount "76"]
[EventDate "2009.01.11"]

1. e4 d5 2. exd5 Nf6 3. d4 Bg4 4. Be2 Bxe2 5. Qxe2 Qxd5 6. Nf3 Nc6 7. c4 Qf5 8.
O-O O-O-O 9. d5 Nb4 10. Nc3 e6 11. a3 Nc2 12. Nh4 Qg4 13. Qxc2 Qxh4 14. dxe6
Bd6 15. h3 Qxc4 16. exf7 Bh2+ 17. Kxh2 Qxf1 18. Bf4 Qd3 19. Qa4 Qd4 20. Qxd4
Rxd4 21. Bxc7 Rd7 22. Bg3 Rxf7 23. Nb5 Kd8 24. Rd1+ Rd7 25. Rxd7+ Kxd7 26. Nxa7
Re8 27. Nb5 Re2 28. Nd6 Rxb2 29. Nf5 g6 30. Be5 Rxf2 31. Bxf6 Rxf5 32. Bc3 Rd5
33. Bb4 Rd3 34. Kg1 Ke6 35. Kf2 Kd5 36. Ke2 Kc4 37. Bf8 Rb3 38. Kf2 Kb5 0-1

[Event "7th Parsvnath International Open Chess T"]
[Site "Modern School, Barakhamba Road"]
[Date "2009.01.16"]
[Round "7.46"]
[White "Vul, Arkadi Eremeevich"]
[Black "Sharma, Harish"]
[Result "1-0"]
[WhiteElo "2344"]
[BlackElo "2091"]
[PlyCount "79"]
[EventDate "2009.01.11"]

1. Nf3 Nf6 2. c4 e6 3. Nc3 b6 4. g3 Bb7 5. Bg2 d5 6. d4 Be7 7. O-O O-O 8. Ne5
Nbd7 9. Qa4 c6 10. Rd1 Qc8 11. cxd5 cxd5 12. Bf4 Nxe5 13. Bxe5 Bc6 14. Qb3 Qb7
15. a4 Nd7 16. Bf4 a6 17. Rac1 b5 18. e4 dxe4 19. axb5 axb5 20. d5 exd5 21.
Nxd5 Bxd5 22. Rxd5 b4 23. Rc7 Ra1+ 24. Rd1 Rxd1+ 25. Qxd1 Qa6 26. Rxd7 Bf6 27.
Bxe4 Qe6 28. Qd5 Bxb2 29. Qxe6 fxe6 30. Bd2 b3 31. Rb7 Bd4 32. Be3 Bf6 33. Rxb3
e5 34. Bd5+ Kh8 35. Ra3 Rd8 36. Ra5 Ra8 37. Bxa8 Kg8 38. Bd5+ Kf8 39. Bc5+ Ke8
40. Be6 1-0

[Event "7th Parsvnath International Open Chess T"]
[Site "Modern School, Barakhamba Road"]
[Date "2009.01.16"]
[Round "7.47"]
[White "Deepthamsh, Reddy  M"]
[Black "Arkhangels, Y Boris"]
[Result "1/2-1/2"]
[WhiteElo "2110"]
[BlackElo "2315"]
[PlyCount "86"]
[EventDate "2009.01.11"]

1. d4 d5 2. c4 e6 3. Nf3 c6 4. Bg5 Nf6 5. e3 Nbd7 6. Nc3 Qa5 7. Nd2 Bb4 8. Qc2
b6 9. a3 Bxc3 10. Qxc3 Qxc3 11. bxc3 O-O 12. Bd3 Ba6 13. Ke2 dxc4 14. Nxc4 Bxc4
15. Bxc4 Ne4 16. Bf4 b5 17. Bb3 Nxc3+ 18. Kd3 Nd5 19. Bd6 Rfc8 20. a4 a5 21. e4
N5b6 22. Rhc1 Nxa4 23. Bxa4 bxa4 24. Rxa4 Nb6 25. Ra3 f5 26. f3 Ra6 27. exf5
exf5 28. Rca1 a4 29. Bc5 Nd5 30. Rxa4 Rxa4 31. Rxa4 Nf4+ 32. Kd2 Nxg2 33. Bd6
g5 34. Ra7 Nh4 35. Ke3 Ng6 36. f4 Re8+ 37. Be5 gxf4+ 38. Kf3 Nxe5+ 39. dxe5
Rxe5 40. Kxf4 c5 41. Rc7 Re6 42. Kg5 Re7 43. Rxc5 f4 1/2-1/2

[Event "7th Parsvnath International Open Chess T"]
[Site "Modern School, Barakhamba Road"]
[Date "2009.01.16"]
[Round "7.48"]
[White "Md, Irshad"]
[Black "Shetty, Rahul"]
[Result "0-1"]
[WhiteElo "2106"]
[BlackElo "2311"]
[PlyCount "83"]
[EventDate "2009.01.11"]

1. d4 Nf6 2. c4 e6 3. Nf3 b6 4. Nc3 Bb7 5. Bg5 Bb4 6. a3 Bxc3+ 7. bxc3 h6 8.
Bh4 d6 9. e3 Nbd7 10. a4 g5 11. Bg3 Ne4 12. Qc2 h5 13. h4 g4 14. Nd2 Nxg3 15.
fxg3 a5 16. Ne4 Qe7 17. Kf2 O-O-O 18. Bd3 Kb8 19. Rhe1 Rde8 20. Kg1 e5 21. Qf2
Rh6 22. d5 Rf8 23. Rf1 f5 24. Ng5 e4 25. Bc2 Nc5 26. Qd2 Bc8 27. Qd4 Bd7 28.
Ra2 Ka7 29. Rf4 Rg8 30. Rf1 Rxg5 31. hxg5 Qxg5 32. Qd2 h4 33. Qf2 hxg3 34. Qxg3
Qg7 35. Ra3 Qh8 36. Kf2 Bc8 37. Ke1 Rh5 38. Bd1 Nd3+ 39. Kd2 Ba6 40. Bb3 Ne5
41. Raa1 Nxc4+ 42. Bxc4 0-1

[Event "7th Parsvnath International Open Chess T"]
[Site "Modern School, Barakhamba Road"]
[Date "2009.01.16"]
[Round "7.49"]
[White "Sandeep, Chitkara"]
[Black "Navin, Kanna T U"]
[Result "1/2-1/2"]
[WhiteElo "2105"]
[BlackElo "2302"]
[PlyCount "122"]
[EventDate "2009.01.11"]

1. e4 c5 2. Nc3 Nc6 3. Nf3 e5 4. Bc4 Be7 5. d3 Nf6 6. Bg5 d6 7. h3 O-O 8. Bxf6
Bxf6 9. Nd5 Be6 10. Qd2 Be7 11. O-O Re8 12. Bb5 Bf8 13. Ne3 Bd7 14. Bxc6 Bxc6
15. c4 b5 16. b3 Rb8 17. Rab1 h6 18. Nf5 Kh7 19. Nh2 g6 20. Ng3 h5 21. Ne2 Bh6
22. Qc3 Bg7 23. Qd2 f5 24. exf5 gxf5 25. Ng3 f4 26. Ne4 Bf6 27. Qe2 Kh6 28. g4
Rg8 29. f3 Bh4 30. Kh1 Bg3 31. Rg1 Qh4 32. Qg2 hxg4 33. Nxg4+ Rxg4 34. fxg4 Rg8
35. cxb5 Bd5 36. Qf1 Rxg4 37. Rb2 Rg6 38. Rh2 Qh5 39. Rgg2 Be6 40. Nf2 Kh7 41.
Kg1 f3 42. Rxg3 Rxg3+ 43. Kh1 Qg6 44. Ne4 Bd5 45. Nxg3 Qxg3 46. Rf2 Be6 47. Qg1
Qf4 48. h4 Bg4 49. Rf1 Bh3 50. Rf2 d5 51. Qg5 Qxg5 52. hxg5 Bf5 53. Rc2 e4 54.
dxe4 dxe4 55. Rc3 Kg6 56. Kg1 Kxg5 57. Kf2 Kf4 58. a4 Bd7 59. Rc4 Be6 60. Rc3
Bd7 61. Re3 Be8 1/2-1/2